000
00300nam a2200109Ia 4500
008
171211s9999 xx 000 0 und d
245
_a
Complete Body Development with Dumbbells
245
_c
Mark McKown
260
_c
2002
650
_x
FITNESS
856
_u
http://down.ebook777.com/063/1841260878.pdf
999
_c
349027
_d
349027